1725 1346 1905 1254 1587 1355 1452 1337 1122 1796 1297 1065 1458 1799 1443 1572 1313 1968 1792 1214 1073 1761 1637 1749 1435 1250 1710 1245 1022 1943 1198 1633 1433 1728 1822 1604 1510 1420 1463 1906 1714 1630 1472 1592 1919 1960 1048 1628 1192 1707 1297 1909 1674 1955 1497 1034 1015 1635 1540 1982 1760 1576 1534 1289 1559 1741 1306 1664 1977 1117 1479 1685 1817 1983 1545 1816 1906 1113 1595 1166 1399 1009 1556 1685 1293 1006 1954 1266 1010 1126 1213 1861 1333 1559 1377 1081 1633 1480 1765 BCNSPRNW ULIB Ver.6.0+V

เปลี่ยนเป็นภาษาไทย

Change to English
 แสดงรายละเอียดบรรณานุกรม
  กลับหน้าหลัก

Brief Record : Get Marc (ISO 2709) : E-mail record : QR code < ปิดหน้าต่าง
LEADER : 00000nam 2200000uu 4500
001    13399109353
003     ULIB
008    110330s2551||||th 000 0 tha d
020    9745552623
060 04 WA950^bอ412ช 2551
245 00 ชีวสถิติ /^cบรรณาธิการ, อรุณ จิรวัฒน์กุล ; คณะผู้เขียนอรุณ จิรวัฒน์กุล ... [และคนอื่นๆ]
250    พิมพ์ครั้งที่ 4
260    ขอนแก่น :^bภาควิชาชีวสถิติและประชากรศาสตร์คณะสาธารณสุขศาสตร์ มหาวิทยาลัยขอนแก่น,^c2551
300    360 หน้า :^bภาพประกอบ ;^c26 ซม.
650  7 ชีวสถิติ
700 0  อรุณ จิรวัฒน์กุล,^eบรรณาธิการ
710 2  มหาวิทยาลัยขอนแก่น. ^bคณะสาธารณสุขศาสตร์.^bภาควิชาชีวสถิติและประชากรศาสตร์
945    ^p250^l0^i027222
945    ^p250^l0^i027223
995    ทศพร
999 ^a ใช้งานได้ทุกระบบ
รายการนี้ยังไม่มีแท็ก
คุณยังไม่ได้ล็อกอิน คุณสามารถมีกิจกรรมร่วมกับเว็บไซต์ได้ แต่ต้องล็อกอินก่อน ::
  ล็อกอิน

รายการสื่อสารสนเทศ

ลำดับที่ ประเภท เลขเรียก/บาร์โค้ด สถานที่ สถานะ
- ไม่พบข้อมูล -

รายการใกล้เคียง
    หัวเรื่อง [ชีวสถิติ]

BibComment


ยังไม่เคยถูกคอมเมนท์

คอมเมนท์ทรัพยากรรายการนี้
  คอมเมนท์: ชีวสถิติ บรรณาธิ..


 Copyright 2026. Bcnsprnw @Library